000 01078nam a2200253 i 4500
001 14964
003 ES-MaACL
005 20230906150940.0
007 t|
008 991122s1999 sp ||||1| spa d
020 _a84-89913-11-0
080 _a095(460)(064.3)
245 0 3 _aLa artesanía se hizo arte
_b: el taller de Galván, 1949-1999 : Palacio de Exposiciones y Congresos, Cádiz, abril de 1999 /
_cedición a cargo de Rosario Martínez López.
260 _a[Madrid] :
_bFundación Central Hispano,
_c1999.
300 _a228 p. :
_bil. col. y n. ;
_c30 cm.
500 _aExposición organizada por el Ayuntamiento de Cádiz con motivo del I Congreso Nacional sobre Bibliofilia, Encuadernación Artística, Restauración y Patrimonio Bibliográfico.
650 1 4 _aEncuadernación-
_zEspaña-
_vExposiciones.
_912243
655 7 _2tgfbne
_9193628
_aCatálogos de exposiciones
700 1 _aMartínez, Rosario.
_977806
710 2 _aFundación Central Hispano.
_94249
852 _aES-MaACL
_jL-22103
_bR.127383
942 _2udc
999 _c14964
_d14964